The BOYS Characters - Statistics

General Stats
  • This quiz has been taken 373 times
    368 since last reset
  • The average score is 22 of 50
Answer Stats
Letter Answer % Correct
A A-Train
94%
S Starlight
93%
H Homelander
91%
T The Deep
91%
H Hughie Campbell
90%
B Billy Butcher
87%
B Black Noir
87%
F Frenchie
87%
M Mother's Milk
87%
T The Female
86%
S Soldier Boy
82%
Q Queen Maeve
76%
R Ryan Butcher
74%
S Stormfront
73%
A Ashley Barrett
67%
T Translucent
66%
F Firecracker
65%
S Stan Edgar
57%
B Becca Butcher
55%
S Sister Sage
55%
V Victoria Neuman
55%
L Lamplighter
53%
C Crimson Countess
48%
M Madelyn Stillwell
43%
S Supersonic
41%
M Mesmer
33%
P Popclaw
33%
T TNT Twins
33%
S Shockwave
29%
G Grace Mallory
28%
Z Zoe Neuman
28%
E Ezekiel
26%
T Tek Knight
22%
H Hugh Campbell
21%
K Kenji Miyashiro
21%
W Webweaver
20%
R Robin Ward
19%
T Termite
17%
M Monique Milk
14%
L Lenny Butcher
13%
E Eagle the Archer
12%
J Joe Kessler
12%
J Janine Milk
10%
R Robert Singer
9%
D Donna January
8%
N Nathan Franklin
5%
S Sam Butcher
5%
C Colin Hauser
4%
D Daphne Campbell
4%
C Connie Butcher
2%
No matching quizzes found
Score Distribution
Percent of People with Each Score
Percentile by Number Answered
Your Score History
You have not taken this quiz since the last reset